East Godavari Yatra / (Record no. 197287)
[ view plain ]
| 000 -LEADER | |
|---|---|
| fixed length control field | 00566nam a22001817a 4500 |
| 005 - DATE AND TIME OF LATEST TRANSACTION | |
| control field | 20230912103253.0 |
| 010 ## - LCCN (DPL NO) | |
| LC control number | ENG-137837 |
| 020 ## - INTERNATIONAL STANDARD BOOK NUMBER | |
| Terms of availability | 1199.00 |
| 035 ## - SYSTEM CONTROL NUMBER | |
| System control number | EN-121369 |
| 037 ## - SOURCE OF ACQUISITION | |
| Source of stock number/acquisition | DBAD/PUB |
| 082 ## - DEWEY DECIMAL CLASSIFICATION NUMBER | |
| Classification number | 338 |
| 100 ## - MAIN ENTRY--PERSONAL NAME | |
| Personal name | Reddy,Sabbella Sivannarayana |
| 245 ## - TITLE STATEMENT | |
| Title | East Godavari Yatra / |
| Statement of responsibility, etc | by Sabbella Sivannarayana Reddy |
| 260 ## - PUBLICATION, DISTRIBUTION, ETC. (IMPRINT) | |
| Place of publication, distribution, etc | Kakinada |
| Name of publisher, distributor, etc | Shri Vinayak Publication |
| Date of publication, distribution, etc | 2013 |
| 270 ## - ADDRESS | |
| Address | Sudhita Book Centre ,Opp. Super Bazar Main Road |
| City | Kakinada |
| Telephone number | 9848095060 |
| 300 ## - PHYSICAL DESCRIPTION | |
| Extent | 183p. |
| Dimensions | 28cm(hbk) |
| 942 ## - ADDED ENTRY ELEMENTS (KOHA) | |
| Source of classification or shelving scheme | Dewey Decimal Classification |
| Item type | English Books |
| Call number suffix | RED |
| Classification part | 338 |
| Withdrawn status | Lost status | Not for loan | Collection code | Home library | Current library | Date acquired | Source of acquisition | Cost, normal purchase price | Full call number | Barcode | Copy number | Cost, replacement price | Koha item type |
|---|---|---|---|---|---|---|---|---|---|---|---|---|---|
| Not For Loan | Reference | D.B.Act.Division | Central Library | 21/08/2023 | DBAD/PUB | 1199.00 | 338 RED | EN-121369 | 1 | 1199.00 | English Books |
